| 000 | 01463nam a22003977a 4500 | ||
|---|---|---|---|
| 003 | CHAP | ||
| 005 | 20220329140933.0 | ||
| 008 | 971013s1995 r 00010 d | ||
| 010 | _a60063 | ||
| 011 | _a61035 | ||
| 035 | _a65199 | ||
| 040 | _cCHAP | ||
| 090 | _aTesis | ||
| 100 | 0 | 0 |
_aMartínez Medina, Juan. _972275 |
| 245 | _aEstimación de la eficiencia en el uso del agua mediante mediciones de intercambio de gases y análisis de crecimiento en tres especies de cultivadas | ||
| 260 |
_aMarín, N. L. : _bEl autor, _c1995 |
||
| 300 |
_a217 h. _b; gráfs. |
||
| 502 | _aTesis (M.C. en Producción) -- Universidad Autónoma de Nuevo León. Facultad de Agronomía. Subdirección de Estudios de Postgrado | ||
| 590 |
_aALEPH _b10 _c20130110 _lUCH01 _h1339 |
||
| 590 |
_aBATCH-UPD _b10 _c20130110 _lUCH01 _h0713 |
||
| 590 |
_aBATCH-UPD _b10 _c20130410 _lUCH01 _h0358 |
||
| 590 |
_aBATCH-UPD _b10 _c20130914 _lUCH01 _h1201 |
||
| 590 |
_aCONVERSION _b10 _c20130109 _lUCH01 _h1332 |
||
| 650 | 1 | 4 |
_aDiagnóstico foliar. _932394 |
| 650 | 1 | 4 |
_aFotosíntesis. _942737 |
| 650 | 1 | 4 |
_aGases _xEfecto en plantas. _947218 |
| 650 | 1 | 4 |
_aMaíz _xAgua requerida. _970851 |
| 650 | 1 | 4 |
_aMaíz _xCrecimiento. _970923 |
| 650 | 1 | 4 |
_aMijo _xAgua requerida. _975641 |
| 650 | 1 | 4 |
_aMijo _xCrecimiento. _975644 |
| 650 | 1 | 4 |
_aSorgo _xAgua requerida. _9108624 |
| 650 | 1 | 4 |
_aSorgo _xCrecimiento. _9108644 |
| 901 | _aBK | ||
| 942 | _cTESIS | ||
| 949 |
_bBC _cTES _d-144741 _eTS1 _h28299 _i65199 _si |
||
| 999 |
_c60063 _d60063 |
||